1293 1207 1618 1707 1936 1187 1360 1416 1341 1985 1504 1162 1486 1959 1092 1696 1404 1512 1716 1026 1552 1558 1223 1552 1966 1581 1142 1418 1761 1621 1627 1238 1219 1053 1970 1587 1294 1433 1119 1082 1520 1555 1407 1292 1350 1021 1229 1007 1009 1383 1141 1499 1115 1954 1917 1320 1699 1100 1848 1275 1304 1173 1556 1982 1242 1543 1334 1819 1974 1684 1808 1327 1879 1613 1819 1924 1184 1656 1278 1304 1001 1903 1889 1786 1493 1752 1473 1808 1505 1077 1309 1447 1098 1234 1740 1897 1386 1078 1521 BCNSPRNW ULIB Ver.6.0+V

เปลี่ยนเป็นภาษาไทย

Change to English
 แสดงรายละเอียดบรรณานุกรม
  กลับหน้าหลัก

Brief Record : Get Marc (ISO 2709) : E-mail record : QR code < ปิดหน้าต่าง
LEADER : 00000nam 2200000uu 4500
001    13399128674
003     ULIB
008    230928s||||||||th 000 0 tha d
020    ^a9786163920638
060    ^aWS440^bก728น
100    ^aกุลวรากร เอกอัครากุล
245    ^aนิทานสร้างเสริมลักษณะนิสัย สอนให้เด็ก ๆ รู้จักป้องกันตนเองจากอันตราย แมวเหมียวเล่นซนในบ้าน
250    ^aพิมพ์ครั้งที่ 1
260    ^aกรุงเทพฯ :^bโลกหนังสือ,^c2560
300    ^a10 หน้า;^c19 ซม.
650    ^aนิทานเด็ก
650    ^aเด็ก-พัฒนาการ
945    ^p60^l0^i30046
999    ^aกัณชพร จุลอักษร
รายการนี้ยังไม่มีแท็ก
คุณยังไม่ได้ล็อกอิน คุณสามารถมีกิจกรรมร่วมกับเว็บไซต์ได้ แต่ต้องล็อกอินก่อน ::
  ล็อกอิน

รายการสื่อสารสนเทศ

ลำดับที่ ประเภท เลขเรียก/บาร์โค้ด สถานที่ สถานะ
1. วิทยาศาสตร์การแพทย์ และสุขภาพ
วิทยาศาสตร์การแพทย์ และสุขภาพ
WS440 ก728น ฉ.1 
  Barcode: 30046
ห้องสมุดวิทยาเขตนครสวรรค์
►หนังสือทั่วไป:l:General Books
บนชั้น

รายการใกล้เคียง
    ชื่อเรื่อง [นิทานสร้างเสริมลักษณะนิสัย สอนให้เด็ก ๆ รู้จักป้องกันตนเองจากอันตราย แมวเหมียวเล่นซนในบ้าน]

    ผู้แต่ง [กุลวรากร เอกอัครากุล]

    หัวเรื่อง [นิทานเด็ก]
    หัวเรื่อง [เด็ก-พัฒนาการ]

BibComment


ยังไม่เคยถูกคอมเมนท์

คอมเมนท์ทรัพยากรรายการนี้
  คอมเมนท์: นิทานสร้างเสริมล..


 Copyright 2026. Bcnsprnw @Library